Broadcast announcing worktext : (Record no. 26503)

MARC details
000 -LEADER
fixed length control field 01068cam a2200313 i 4500
001 - CONTROL NUMBER
control field 17507540
003 - CONTROL NUMBER IDENTIFIER
control field EG-ScBUE
005 - DATE AND TIME OF LATEST TRANSACTION
control field 20230326102246.0
008 - FIXED-LENGTH DATA ELEMENTS--GENERAL INFORMATION
fixed length control field 121024s2013 mau f b 001 0 eng d
020 ## - INTERNATIONAL STANDARD BOOK NUMBER
International Standard Book Number 9780240818603
040 ## - CATALOGING SOURCE
Original cataloging agency DLC
Language of cataloging eng
Description conventions rda
Transcribing agency DLC
Modifying agency DLC
-- EG-ScBUE
082 04 - DEWEY DECIMAL CLASSIFICATION NUMBER
Classification number 791.44028
Edition number 22
Item number STE
100 1# - MAIN ENTRY--PERSONAL NAME
Personal name Stephenson, Alan R.,
Relator term author.
245 10 - TITLE STATEMENT
Title Broadcast announcing worktext :
Remainder of title a media performance guide /
Statement of responsibility, etc Alan Stephenson, David Reese, Mary Beadle.
250 ## - EDITION STATEMENT
Edition statement Fourth edition.
264 #1 - PUBLICATION, DISTRIBUTION, ETC. (IMPRINT)
Place of publication, distribution, etc Burlington ;
-- Oxon :
Name of publisher, distributor, etc Focal Press & Taylor & Francis Group,
Date of publication, distribution, etc 2013.
300 ## - PHYSICAL DESCRIPTION
Extent xxv, 347 pages :
Other physical details illustrations ;
Dimensions 28 cm
336 ## - CONTENT TYPE
Source rdacontent
Content type term text
Content type code txt
337 ## - MEDIA TYPE
Source rdamedia
Media type term unmediated
Media type code n
338 ## - CARRIER TYPE
Source rdacarrier
Carrier type term volume
Carrier type code nc
504 ## - BIBLIOGRAPHY, ETC. NOTE
Bibliography, etc Includes bibliographical references and index.
650 #7 - SUBJECT ADDED ENTRY--TOPICAL TERM
Topical term or geographic name as entry element Radio announcing.
Source of heading or term BUEsh
650 #7 - SUBJECT ADDED ENTRY--TOPICAL TERM
Topical term or geographic name as entry element Television announcing.
Source of heading or term BUEsh
653 ## - INDEX TERM--UNCONTROLLED
Resource For college Communication and mass media
Arrived date list April2018
655 ## - INDEX TERM--GENRE/FORM
Form subdivision Text book
700 1# - ADDED ENTRY--PERSONAL NAME
Personal name Reese, David E.,
Relator term author.
700 1# - ADDED ENTRY--PERSONAL NAME
Personal name Beadle, Mary E.,
Relator term author.
942 ## - ADDED ENTRY ELEMENTS (KOHA)
Source of classification or shelving scheme Dewey Decimal Classification
Koha item type Book - Borrowing
Holdings
Withdrawn status Lost status Source of classification or shelving scheme Damaged status Not for loan Collection code Home library Current library Shelving location Date acquired Source of acquisition Total Checkouts Full call number Barcode Date last seen Price effective from Koha item type
    Dewey Decimal Classification     Baccah Central Library Central Library Second Floor 12/04/2018 Purchase   791.44028 STE 000047612 15/07/2025 12/04/2018 NB - Book (Non borrowing)
    Dewey Decimal Classification     Baccah Central Library Central Library Second Floor 12/04/2018 Purchase   791.44028 STE 000047613 15/07/2025 12/04/2018 Book - Borrowing
    Dewey Decimal Classification     Baccah Central Library Central Library Second Floor 12/04/2018 Purchase   791.44028 STE 000047614 15/07/2025 12/04/2018 Book - Borrowing